Guess the Taylor Swift Song (no hints) 88 - Statistics

General Stats
  • This quiz has been taken 92 times
    53 since last reset
  • The average score is 226 of 324
Answer Stats
Answer % Correct
a
100%
I
100%
me
100%
the
100%
You
100%
you
100%
and
97%
And
97%
is
97%
it
97%
It
97%
it's
97%
your
97%
my
93%
on
93%
were
93%
In
90%
in
90%
So
90%
so
90%
that
90%
to
90%
you're
90%
all
83%
can
83%
Can
83%
'Cause
83%
like
83%
Like
83%
of
83%
they
83%
They
83%
But
79%
but
79%
if
79%
know
79%
now,
79%
now
79%
Now
79%
one
79%
one?
79%
don't
76%
just
76%
out
76%
had
72%
say
72%
was
72%
with
72%
some
69%
up
69%
even
66%
tell
66%
you'll
66%
got
62%
look
62%
Oh,
62%
oh,
62%
oh
62%
Oh
62%
Yeah,
62%
they'll
59%
think
59%
time,
59%
feel
55%
make
55%
over
55%
how
52%
How
52%
lucky
52%
lucky,
52%
things
52%
lover
48%
name
48%
New
48%
take
48%
doesn't
45%
goes
45%
here
45%
Let
45%
loves
45%
made
45%
Chose
41%
dream
41%
front
41%
hell
41%
lights
41%
right
41%
took
41%
used
41%
end
38%
Everybody
38%
everybody
38%
page
38%
sky
38%
still
38%
wonder
38%
big
34%
confused
34%
diamonds
34%
figured
34%
later,
34%
line
34%
place
34%
pretty,
34%
town
34%
years
34%
young
34%
alive
31%
angel's
31%
Another
31%
camera
31%
cars
31%
city,
31%
cool
31%
disappeared
31%
fame
31%
few
31%
flashes
31%
fortune
31%
foyer
31%
Madison
31%
money
31%
news
31%
Riviera
31%
school
31%
showed
31%
Square
31%
chasing
28%
dignity
28%
Garden
28%
legend
28%
queen
28%
secrets
28%
since
28%
somewhere
28%
splashed
28%
understand
28%
views
28%
black
24%
overnight,
24%
Rose
24%
'60s
21%
bought
21%
land
21%
bunch
17%
No matching quizzes found
Score Distribution
Percent of People with Each Score
Percentile by Number Answered
Your Score History
You have not taken this quiz since the last reset